| 000 | 01103nam a2200325 a 4500 | ||
|---|---|---|---|
| 001 | vtls001503480 | ||
| 003 | NLI | ||
| 005 | 20210627140120.0 | ||
| 008 | 121211s1987 ii d f000 0 eng | ||
| 039 | 9 |
_y201212111828 _zVLOAD |
|
| 040 | 0 |
_aNLI _beng _cXData_2 _eAACR2 |
|
| 041 | 0 | _aeng | |
| 044 | _aii | ||
| 082 | 0 | 4 | _a330.95444 |
| 110 | 1 |
_aHimachal Pradesh (India). _bDirectorateate of Economics and Statistics |
|
| 245 | 1 | 0 |
_aEconomic review _f1987 / _cDirectorate of economics and statistics, Government of Himachal Pradesh |
| 260 |
_aShimla : _bThe Department, _c1987 |
||
| 300 |
_a133 p. : _bSome charts ; _c29 cm. |
||
| 500 | _aLibrary has 2 cops. | ||
| 650 | 0 |
_aEconomics _zIndia _zHimachal Pradesh _xHistory |
|
| 651 | 0 |
_aHimachal Pradesh (India) _xEconomic conditions _9689341 |
|
| 887 | _a | ||
| 901 |
_a111361 date _b30.06.1987 |
||
| 901 |
_a120586 date _b26.02.1992 _9c.2, 1987 |
||
| 902 | _aGP 330.95444 H 57 er | ||
| 949 |
_AVIRTUAITEM _D10003 _X100 _6IOD000111361ENG |
||
| 942 |
_2ddc _cBKS |
||
| 949 |
_AVIRTUAITEM _D10003 _X100 _6IOD000120586ENG _91987 |
||
| 999 |
_aVIRTUA40 _c952425 _d952425 |
||